000 00506nam a2200181Ia 4500
008 240925s9999 xx 000 0 und d
020 _a8170292786
082 _a004.16 HAN
100 _aT. Hanley -
245 0 _aMicroprocessors and Microcomputer Technology
250 _a1st
260 _aNew Delhi:
_bBPB Publication
_c,1995.
300 _axvi,520p.
_bNA
_fOriginal
500 _aIncludes Index
600 _aComputer Science
650 _aComputer science, information & general works
942 _cBK
999 _c2626
_d2626